000 00387pab a2200157 454500
008 180718b2015 xxu||||| |||| 00| 0 eng d
100 _aMantha, S.S.
245 _aSkill development: imperative for India's growth
260 _c2015
300 _ap.29-32.
362 _aOct
650 _aVocational education
650 _aSkills development
773 _aYojana
909 _a109343
999 _c109338
_d109338